1165 1191 1998 1478 1693 1725 1422 1309 1498 1200 1091 1407 1375 1844 1014 1297 1654 1784 1707 1826 1848 1720 1628 1634 1838 1044 1443 1132 1650 1214 1767 1845 1999 1071 1891 1106 1447 1008 1855 1201 1477 1622 1697 1738 1730 1010 1462 1918 1483 1166 1885 1112 1098 1407 1764 1646 1854 1160 1022 1897 1850 1249 1762 1773 1154 1619 1213 1372 1853 1265 1387 1856 1179 1792 1914 1954 1596 1075 1369 1604 1789 1564 1955 1313 1714 1423 1489 1342 1295 1869 1823 1973 1025 1777 1898 1919 1603 1688 1417 BCNSPRNW ULIB Ver.6.0+V

เปลี่ยนเป็นภาษาไทย

Change to English
 แสดงรายละเอียดบรรณานุกรม
  กลับหน้าหลัก

Brief Record : Get Marc (ISO 2709) : E-mail record : QR code < ปิดหน้าต่าง
LEADER : 00000nam 2200000uu 4500
001    13399122012
003     ULIB
008    121219s2551||||th 000 0 tha d
020    9789741149339
060  4 WY100^bค111
110 1  คณะพยาบาลศาสตร์ มหาวิทยาลัยสงขลานครินทร์
245 00 การพยาบาลเพื่อดุลยภาพชีวิตในความหลากหลายทางวัฒนธรรม/^cคณะพยาบาลศาสตร์ มหาวิทยาลัยสงขลานครินทร์
246 0  Nursing for living harmoniously in cultural diversity
260    สงขลา:^bลิมบราเดอร์การพิมพ์,^c2551
300    153 หน้า:^bภาพประกอบ
650  0 การพยาบาล^xสุขภาพ
945    ^p0^l0^i033227
995    เกษร
999    ^aใช้งานได้ทุกระบบ
รายการนี้ยังไม่มีแท็ก
คุณยังไม่ได้ล็อกอิน คุณสามารถมีกิจกรรมร่วมกับเว็บไซต์ได้ แต่ต้องล็อกอินก่อน ::
  ล็อกอิน

รายการสื่อสารสนเทศ

ลำดับที่ ประเภท เลขเรียก/บาร์โค้ด สถานที่ สถานะ
1. วิทยาศาสตร์การแพทย์ และสุขภาพ
หนังสือสำรอง
สถานะ=หนังสือสำรอง
WY100 ค111 ฉ.1 
  Barcode: 033227
ห้องสมุดวิทยาเขตสวรรค์ประชารักษ์
►หนังสือทั่วไป
บนชั้น

BibComment


ยังไม่เคยถูกคอมเมนท์

คอมเมนท์ทรัพยากรรายการนี้
  คอมเมนท์: การพยาบาลเพื่อดุล..


 Copyright 2026. Bcnsprnw @Library